| 000 | 00416nam a2200169Ia 4500 | ||
|---|---|---|---|
| 003 | OSt | ||
| 005 | 20220812122627.0 | ||
| 008 | 220812b |||||||| |||| 00| 0 eng d | ||
| 040 | _cIFM Library | ||
| 082 | _a368.012 | ||
| 100 |
_aKiln, Robert _98926 |
||
| 245 | _aReinsurance in practice | ||
| 260 |
_aLondon: _bWitherby _c1981 |
||
| 300 |
_ax, 330p. : _bill. ;22cm |
||
| 650 |
_aInsurance _98927 |
||
| 942 |
_cBK _2ddc _n0 |
||
| 999 |
_c6545 _d6545 |
||